| 000 | 01699cam a22003135a 4500 | ||
|---|---|---|---|
| 001 | 015841844 | ||
| 003 | OSt | ||
| 005 | 20151115120638.0 | ||
| 008 | 110721t2012 njua fr 001 0 eng d | ||
| 020 | _a1118085639 (hbk.) | ||
| 020 | _a9781118085639 (hbk.) | ||
| 040 |
_aStDuBDS _beng _cStDuBDS _dUk _dEG-ScBUE |
||
| 043 | _an-us--- | ||
| 082 | 0 | 4 |
_a343.7307864794 _222 _bBAR |
| 100 | 1 |
_aBarth, Stephen C. _938735 |
|
| 245 | 1 | 0 |
_aHospitality law : _bmanaging legal issues in the hospitality industry / _cStephen Barth. |
| 250 | _a4th ed. | ||
| 260 |
_aHoboken : _bJohn Wiley & Sons, _cc.2012. |
||
| 300 |
_axviii, 486 p. : _bill. ; _c29 cm. |
||
| 500 | _aGlossary : p. 471-478. | ||
| 500 | _aIndex : p. 479-486. | ||
| 505 | 0 | _aPrevention philosophy -- Government agencies that impact the hospitality industry -- Hospitality business structures --Contract basics -- Significant hospitality contracts -- Legally managing property -- Legally selecting employees -- Legally managing employees -- Your responsibilities as a hospitality operator -- Your responsibilities as a hospitality operator to guests -- Your responsibilities for guests' property -- Your responsibilities when serving food and beverages -- Legal responsibilities in travel and tourism -- Safety and security issues -- Managing insurance. | |
| 520 | _a"Written to help teach hospitality students what they need to know to manage a facility legally, safely, and securely"-- | ||
| 650 | 0 |
_aHotels _xLaw and legislation _zUnited States. _2BUEsh |
|
| 650 | 0 |
_aHospitality industry _xLaw and legislation _zUnited States. _2BUEsh |
|
| 651 | _2BUEsh | ||
| 653 |
_bBUSADM _cAugust2015 _cNovember2015 |
||
| 942 |
_2ddc _k343.7307864794 BAR |
||
| 999 |
_c20735 _d20707 |
||